My life is murder. Series 5 / a Greenstone ... Read More
Available copies
- 0 of 2 copies available at LARL/NWRL Consortium.
- 0 of 2 copies available at Lake Agassiz Regional Library. (Show preferred library)
Current holds
1 current hold with 2 total copies.
Show All Copies
| Location | Call Number / Copy Notes | Barcode | Shelving Location | Status | Due Date |
|---|---|---|---|---|---|
Record details
- Physical Description: 2 videodiscs (371 min.) : sound, color ; 4 3/4 in.
- Publisher: [Silver Spring, Maryland] : Acorn TV, [2026]
- Copyright: ©2026
Content descriptions
| General Note: | Inspection of media confirms aspect ratio is 1.78:1; container insert incorrectly lists aspect ratio ... Read More Originally broadcast as single episodes of a television program in 2025. Wide screen. |
| Formatted Contents Note: | Disc 1. Gimme an m / written by Kim Harrop ; ... Read More |
| Creation/Production Credits Note: | Director of photography, Renaud Maire (episodes 1, ... Read More |
| Participant or Performer Note: | Lucy Lawless, Ebony Vagulans, Rawiri Jobe, Joe ... Read More |
| Summary, etc.: | "From shady aquariums and elite cheer squads to ... Read More |
| Target Audience Note: | Rating: Not rated. |
| System Details Note: | DVD; widescreen (1.78:1); Dolby Digital 5.1. |
| Language Note: | English dialogue; English subtitles for the deaf ... Read More |
| Source of Description Note: | Title from container; credits from title frames. |
Search for related items by subject
| Subject: | Police > Drama. Consultants > Drama. Murder > Drama. |
| Genre: | Television crime shows. Television comedies. Fiction television programs. Television series. Video recordings for hard of hearing people. |
Search for related items by series
| LDR | 06903cgm a2201213 i 4500 | ||
|---|---|---|---|
| 001 | 486476 | ||
| 003 | LARL_NWRL_CONSORTIUM | ||
| 005 | 20260506212052.0 | ||
| 008 | 260311p20262025mdu371 vleng d | ||
| 007 | vd cvaizq | ||
| 040 | . | ‡aTEFMT ‡beng ‡erda ‡cTEFMT ‡dTEF ‡dOCLCO ‡dIK2 ‡dJQW ‡dOCO ‡dJBU ‡dTWA | |
| 024 | 1 | . | ‡a054961001101 |
| 028 | 4 | 2. | ‡aAMP00110DVD ‡bAcorn TV |
| 028 | 4 | 2. | ‡aAMP00110DVDWR ‡bAcorn TV ‡q(container) |
| 028 | 4 | 2. | ‡aAMP00110DVD-1 ‡bAcorn TV ‡q(disc) |
| 028 | 4 | 2. | ‡aAMP00110DVD-2 ‡bAcorn TV ‡q(disc) |
| 035 | . | ‡a(OCoLC)1578877023 | |
| 037 | . | ‡bMidwest Tape ‡nhttp://www.midwesttapes.com | |
| 041 | 0 | . | ‡aeng ‡peng ‡heng |
| 046 | . | ‡k2025 ‡2edtf | |
| 082 | 0 | 4. | ‡a791.45/75 ‡223/eng/20260330 |
| 130 | 0 | . | ‡aMy life is murder (Television program). ‡nSeries 5. |
| 245 | 1 | 0. | ‡aMy life is murder. ‡pSeries 5 / ‡ca Greenstone Pictures production ; for TVNZ and Acorn TV and DCD Rights LTD ; series producer, Mark Beesley ; written by Kim Harrop, Kate McDermott, Amanda Alison, James Griffin, Paul Jenner, Stacy Gregg, Marina Alofagia McCartney ; directed by Josh Frizzell, Jacquie Nairn, Simon Bennett, Michael Hurst. |
| 246 | 3 | . | ‡aMy life is murder. ‡nSeason five |
| 246 | 3 | . | ‡aMy life is murder. ‡nFifth season |
| 264 | 1. | ‡a[Silver Spring, Maryland] : ‡bAcorn TV, ‡c[2026] | |
| 264 | 4. | ‡c©2026 | |
| 300 | . | ‡a2 videodiscs (371 min.) : ‡bsound, color ; ‡c4 3/4 in. | |
| 306 | . | ‡a061100 | |
| 336 | . | ‡atwo-dimensional moving image ‡btdi ‡2rdacontent | |
| 337 | . | ‡avideo ‡bv ‡2rdamedia | |
| 338 | . | ‡avideodisc ‡bvd ‡2rdacarrier | |
| 340 | . | ‡b4 3/4 in. | |
| 340 | . | ‡gpolychrome ‡2rdacc | |
| 341 | 0 | . | ‡aauditory ‡bclosedCaptions ‡2sapdv |
| 341 | 0 | . | ‡aauditory ‡bcaptions ‡2sapdv |
| 344 | . | ‡adigital ‡2rdatr | |
| 344 | . | ‡boptical ‡2rdarm | |
| 344 | . | ‡gsurround ‡2rdacpc | |
| 344 | . | ‡hDolby Digital 5.1 | |
| 344 | . | ‡isound ‡2rdasco | |
| 345 | . | ‡c1.78:1 | |
| 345 | . | ‡dwide screen ‡2rdaar | |
| 347 | . | ‡avideo file ‡2rdaft | |
| 347 | . | ‡bDVD video | |
| 380 | . | ‡aTelevision programs ‡2lcgft | |
| 490 | 0 | . | ‡aMy life is murder ; ‡vSeries 5 |
| 538 | . | ‡aDVD; widescreen (1.78:1); Dolby Digital 5.1. | |
| 546 | . | ‡aEnglish dialogue; English subtitles for the deaf and hard of hearing (SDH). | |
| 532 | 1 | . | ‡aEnglish subtitles for the deaf and hard of hearing (SDH) |
| 588 | 0 | . | ‡aTitle from container; credits from title frames. |
| 500 | . | ‡aInspection of media confirms aspect ratio is 1.78:1; container insert incorrectly lists aspect ratio as 1.85:1. | |
| 511 | 1 | . | ‡aLucy Lawless, Ebony Vagulans, Rawiri Jobe, Joe Naufahu, Martin Henderson. |
| 508 | . | ‡aDirector of photography, Renaud Maire (episodes 1, 3, 5, 6), Drew Sturge (episodes 2, 4, 7, 8) ; production designer, Nick Williams ; editor, Eric de Beus (episodes 1, 3, 6), Lisa Hough (episodes 2, 4, 5), Carly Turner (episodes 7, 8) ; composer, Joel Haines ; costume designer, Amanda Fityus. | |
| 500 | . | ‡aOriginally broadcast as single episodes of a television program in 2025. | |
| 500 | . | ‡aWide screen. | |
| 521 | 8 | . | ‡aRating: Not rated. |
| 520 | . | ‡a"From shady aquariums and elite cheer squads to creepy dolls and deadly island getaways, sharp-witted investigator Alexa Crowe tackles her most perplexing and personal case yet as old foes resurface and new secrets threaten those she loves."-- ‡cContainer. | |
| 505 | 0 | 0. | ‡gDisc 1. ‡tGimme an m / ‡rwritten by Kim Harrop ; directed by Josh Frizzell ; ‡tCatfish / ‡rwritten by Kate McDermott ; directed by Jacquie Nairn ; ‡tFor the love of dog / ‡rwritten by Amanda Alison ; directed by Josh Frizzell ; ‡tThe top two inches / ‡rwritten by James Griffin and Paul Jenner ; directed by Jacquie Nairn -- ‡gDisc 2. ‡tThirteen o'clock / ‡rwritten by Stacy Gregg and Kate McDermott ; directed by Simon Bennett ; ‡tBad chemistry / ‡rwritten by Marina Alofagia McCartney ; directed by Simon Bennett ; ‡tThe one that got away, part 1 / ‡rwritten by Kate McDermott ; directed by Michael Hurst ; ‡tThe on that got away, part 2 / ‡rwritten by Kate McDermott ; directed by Michael Hurst. |
| 650 | 0. | ‡aPolice ‡vDrama. ‡0(LARL_NWRL_CONSORTIUM)174177 | |
| 650 | 0. | ‡aConsultants ‡vDrama. | |
| 650 | 0. | ‡aMurder ‡vDrama. ‡0(LARL_NWRL_CONSORTIUM)166039 | |
| 655 | 7. | ‡aTelevision crime shows. ‡2lcgft ‡0(LARL_NWRL_CONSORTIUM)175791 | |
| 655 | 7. | ‡aTelevision comedies. ‡2lcgft ‡0(LARL_NWRL_CONSORTIUM)175737 | |
| 655 | 7. | ‡aFiction television programs. ‡2lcgft ‡0(LARL_NWRL_CONSORTIUM)175627 | |
| 655 | 7. | ‡aTelevision series. ‡2lcgft ‡0(LARL_NWRL_CONSORTIUM)175797 | |
| 655 | 7. | ‡aVideo recordings for hard of hearing people. ‡2lcgft | |
| 700 | 1 | . | ‡aBeesley, Mark ‡c(Director), ‡etelevision producer. ‡1https://id.oclc.org/worldcat/entity/E39PCjwQfjbHBMrYVQkQQWdh9C |
| 700 | 1 | . | ‡aHarrop, Kim, ‡escreenwriter. |
| 700 | 1 | . | ‡aMcDermott, Kate, ‡d1972- ‡escreenwriter. |
| 700 | 1 | . | ‡aAlison, Amanda, ‡escreenwriter. |
| 700 | 1 | . | ‡aGriffin, James, ‡d1961- ‡escreenwriter. ‡1https://id.oclc.org/worldcat/entity/E39PBJwdbjTKgfdbXpPhmg9dQq |
| 700 | 1 | . | ‡aJenner, Paul ‡c(Screenwriter), ‡escreenwriter. |
| 700 | 1 | . | ‡aGregg, Stacy, ‡escreenwriter. ‡1https://id.oclc.org/worldcat/entity/E39PCjwBfKqxpVC9KwXGK64VT3 |
| 700 | 1 | . | ‡aMcCartney, Marina Alofagia, ‡escreenwriter. |
| 700 | 1 | . | ‡aFrizzell, Josh, ‡etelevision director. ‡1https://id.oclc.org/worldcat/entity/E39PCjHbMMb64HPrwxdCgQDg8C |
| 700 | 1 | . | ‡aNairn, Jacquie, ‡etelevision director. |
| 700 | 1 | . | ‡aBennett, Simon ‡c(Screenwriter), ‡etelevision director. ‡1https://id.oclc.org/worldcat/entity/E39PCjDfmCm6xrYGcyJXvPWTwP |
| 700 | 1 | . | ‡aHurst, Michael, ‡d1973- ‡etelevision director. ‡1https://id.oclc.org/worldcat/entity/E39PBJtRGMdyH3Xd4rh8FfgqcP |
| 700 | 1 | . | ‡aLawless, Lucy, ‡d1968- ‡eactor. ‡1https://id.oclc.org/worldcat/entity/E39PBJvxxBW9BgCgVdxxW8b8G3 ‡0(LARL_NWRL_CONSORTIUM)124773 |
| 700 | 1 | . | ‡aVagulans, Ebony, ‡eactor. ‡1https://id.oclc.org/worldcat/entity/E39PCjHMQDkmXwhbMjKQqFr7Dy |
| 700 | 1 | . | ‡aJobe, Rawiri, ‡eactor. |
| 700 | 1 | . | ‡aNaufahu, Joseph, ‡d1978- ‡eactor. |
| 700 | 1 | . | ‡aHenderson, Martin, ‡d1974- ‡eactor. ‡1https://id.oclc.org/worldcat/entity/E39PBJtrT3WBTpYGGjy7yQp3wC ‡0(LARL_NWRL_CONSORTIUM)208177 |
| 700 | 1 | . | ‡aMaire, Renaud, ‡edirector of photography. |
| 700 | 1 | . | ‡aSturge, Drew, ‡edirector of photography. |
| 700 | 1 | . | ‡aWilliams, Nick ‡c(Production designer), ‡eproduction designer. |
| 700 | 1 | . | ‡aBeus, Eric de, ‡eeditor of moving image work. |
| 700 | 1 | . | ‡aHough, Lisa, ‡eeditor of moving image work. |
| 700 | 1 | . | ‡aTurner, Carly, ‡eeditor of moving image work. |
| 700 | 1 | . | ‡aHaines, Joel, ‡d1983- ‡ecomposer. ‡1https://id.oclc.org/worldcat/entity/E39PBJf4fm3MyB6mCRbrXTQjG3 |
| 700 | 1 | . | ‡aFityus, Amanda, ‡ecostume designer. |
| 710 | 2 | . | ‡aGreenstone Pictures, ‡eproduction company. |
| 710 | 2 | . | ‡aAcorn TV (Firm), ‡epublisher. |
| 730 | 0 | 2. | ‡iContainer of (work): ‡aMy life is murder (Television program). ‡nSeries 5. |
| 901 | . | ‡a486476 ‡bOCoLC ‡c486476 ‡tbiblio ‡soclc | |

Add to basket
Permalink
Disable Highlighting